000
00281nam a22001097a 4500
008
170123b xxu||||| |||| 00| 0 eng d
020
_a
9780803608023
041
_a
eng
080
_2
2ND
_a
618.2
245
_a
[SYCHOSOCIAL NURSING FOR GEENRALPATIENT CARE
_c
GORMAN, L.M
942
_2
udc
_c
BK
999
_c
3420
_d
3420